Victory over the darkness / (Record no. 4033)
[ view plain ]
| 000 -LEADER | |
|---|---|
| fixed length control field | 00944cam a2200277 a 4500 |
| 001 - CONTROL NUMBER | |
| control field | 11924300 |
| 003 - CONTROL NUMBER IDENTIFIER | |
| control field | GBCCL |
| 005 - DATE AND TIME OF LATEST TRANSACTION | |
| control field | 20241126110509.0 |
| 008 - FIXED-LENGTH DATA ELEMENTS--GENERAL INFORMATION | |
| fixed length control field | 000228s2000 caua 001 0 eng |
| 010 ## - | |
| -- | 00028084 |
| 020 ## - INTERNATIONAL STANDARD BOOK NUMBER | |
| International Standard Book Number | 0830725644 (trade paper) |
| 040 ## - CATALOGING SOURCE | |
| Original cataloging agency | DLC |
| Transcribing agency | DLC |
| Modifying agency | DLC |
| 050 00 - | |
| -- | BV4520 |
| -- | .A55 2000 |
| 082 00 - DEWEY DECIMAL CLASSIFICATION NUMBER | |
| Classification number | 253 |
| Edition information | 21 |
| Item number | AND |
| 100 1# - MAIN ENTRY--PERSONAL NAME | |
| Personal name | Anderson, Neil T., |
| Dates associated with a name | 1942- |
| 9 (RLIN) | 3947 |
| 245 10 - TITLE STATEMENT | |
| Title | Victory over the darkness / |
| Statement of responsibility, etc. | Neil T. Anderson. |
| 250 ## - EDITION STATEMENT | |
| Edition statement | 10th Anniversary ed., updated and expanded. |
| 260 ## - PUBLICATION, DISTRIBUTION, ETC. | |
| Place of publication, distribution, etc. | Ventura, Calif. : |
| Name of publisher, distributor, etc. | Regal, |
| Date of publication, distribution, etc. | c2000. |
| 300 ## - PHYSICAL DESCRIPTION | |
| Extent | 239 p. : |
| Other physical details | ill. ; |
| Dimensions | 22 cm. |
| 500 ## - GENERAL NOTE | |
| General note | Includes index. |
| 650 #0 - SUBJECT ADDED ENTRY--TOPICAL TERM | |
| Topical term or geographic name entry element | Discipling (Christianity) |
| 9 (RLIN) | 4375 |
| 650 #0 - SUBJECT ADDED ENTRY--TOPICAL TERM | |
| Topical term or geographic name entry element | Pastoral counseling. |
| 9 (RLIN) | 547 |
| 906 ## - LOCAL DATA ELEMENT F, LDF (RLIN) | |
| a | 7 |
| b | cbc |
| c | orignew |
| d | 1 |
| e | ocip |
| f | 20 |
| g | y-gencatlg |
| 942 ## - ADDED ENTRY ELEMENTS (KOHA) | |
| Source of classification or shelving scheme | Dewey Decimal Classification |
| Koha item type | Books |
| Koha issues (borrowed), all copies | 4 |
| Withdrawn status | Lost status | Source of classification or shelving scheme | Damaged status | Not for loan | Home library | Current Library | Shelving location | Date acquired | Total checkouts | Full call number | Barcode | Date last seen | Copy number | Price effective from | Koha item type | Total renewals | Date last checked out |
|---|---|---|---|---|---|---|---|---|---|---|---|---|---|---|---|---|---|
| Dewey Decimal Classification | GRACE BIBLE COLLEGE | GRACE BIBLE COLLEGE | Ministry & Mission | 2018-01-10 | 253 AND | 011324 | 2025-05-01 | c.1 | 2018-01-10 | Books | |||||||
| Dewey Decimal Classification | GRACE BIBLE COLLEGE | GRACE BIBLE COLLEGE | Ministry & Mission | 2018-01-10 | 253 AND | 011325 | 2025-05-01 | c.2 | 2018-01-10 | Books | |||||||
| Dewey Decimal Classification | GRACE BIBLE COLLEGE | GRACE BIBLE COLLEGE | Ministry & Mission | 2018-01-10 | 2 | 253 AND | 011326 | 2025-05-01 | c.3 | 2018-01-10 | Books | 4 | 2022-05-24 | ||||
| Dewey Decimal Classification | GRACE BIBLE COLLEGE | GRACE BIBLE COLLEGE | Ministry & Mission | 2018-01-10 | 1 | 253 AND | 011327 | 2025-05-01 | c.4 | 2018-01-10 | Books | 2019-01-11 | |||||
| Dewey Decimal Classification | GRACE BIBLE COLLEGE | GRACE BIBLE COLLEGE | Ministry & Mission | 2018-01-10 | 1 | 253 AND | 011328 | 2025-05-01 | c.5 | 2018-01-10 | Books | 2019-01-25 |